Westland - Statistieken

Algemene statistieken
  • Deze quiz is 25 keer genomen
  • De gemiddelde score is 9 van 16
Antwoordstatistieken
Antwoord % Correct
Naaldwijk
95%
Monster
89%
De lier
84%
S-gravenzande
84%
Wateringen
79%
Poeldijk
68%
Maasland
63%
Den hoorn
58%
Schipluiden
58%
Maasdijk
53%
Ter heijde
47%
Heenweg
37%
Kwinsheul
26%
Westerlee
26%
Het woudt
21%
Honserlersdijk
21%
Geen overeenkomende quizzen gevonden
Scoreverdeling
Procent van Mensen met Elke Score
Percentiel versus Aantal Correcte Antwoorden
Uw Scoregeschiedenis
U heeft deze quiz nog niet genomen